• 首页
  • 本馆介绍
  • 公告通知
  • 最新文献
  • 馆藏检索
  • 电子资源
  • 读者导购
  • 参考咨询
  • 我的图书馆
  • 登录
  • 详细信息显示
  • 放入我的书架
  • 预约/预借图书
  • 作者相关作品
  • 分类相关作品
  • 丛书相关作品
  • 出版社相关作品

书目信息

  • 表格格式
  • 工作单格式
  • 卡片格式
题名:
自助学英语
    
 
作者: 陈朴 编著 ;梁燕冰 选辑
分册:  
出版信息: 北京   商务印书馆国际有限公司  1996
页数: 161页
开本: 20cm
丛书名: 当代英语
单 册:
中图分类: H314.3 , H31
科图分类:
主题词: 英语-句法--自学参考资料 , 句法-英语--自学参考资料 , 英语
电子资源:
ISBN: 7-80103-050-8
000 00949nam2 2200325 45
001 0197010175
005 20040512104405.7
010    @a7-80103-050-8@dCNY7.80
100    @a19970409d1996 em y0chiy0121 ea
101 0  @achi@aeng
102    @aCN@b110000
105    @ay z 000yy
106    @ar
200 10 @a自助学英语@Azi zhu xue ying yu@f陈朴编著@g梁燕冰选辑
210    @a北京@c商务印书馆国际有限公司@d1996
215    @a161页@d20cm
225 2  @a当代英语@dContemporary English@zeng
300    @a并列题名:Teach yourself English
300    @a据商务印书馆(香港)有限公司1989年版编印
410  0 @120010@a当代英语
510 1  @aTeach yourself English@zeng
606    @a英语-句法@x自学参考资料
606    @a句法-英语@x自学参考资料
606 0  @a英语
690    @aH314.3@v3
690    @aH31
701  0 @a陈朴@Achen pu@4编著
702  0 @a梁燕冰@Aliang yan bing@4选辑
801  0 @aCN@bNLC@c19970514
905    @f1@b272767@dH31@e398:3
    
    自助学英语/陈朴编著/梁燕冰选辑.-北京:商务印书馆国际有限公司,1996
    161页;20cm.-(当代英语=Contemporary English)
    并列题名:Teach yourself English.-据商务印书馆(香港)有限公司1989年版编印
    
    ISBN 7-80103-050-8:CNY7.80
    
●
相关链接 在E读中查询图书 在五车中查询图书 在当当中查询图书 在豆瓣中查询图书


正题名:自助学英语     索取号:H31/398:3         预约/预借

序号 登录号 条形码 馆藏地/架位号 状态 备注
1 0272766   000943910   第二样本阅览室/ [索取号:H31/398:3] 在馆    
2 0272767   000944624   第四借阅区/ [索取号:H31/398:3] 在馆    
3 0272768   001511215   第四借阅区/ [索取号:H31/398:3] 在馆    
唐山师范学院图书馆 欢迎您!
大连网信软件有限公司© 版权所有